000 00507nam a22001817a 4500
005 20160812123156.0
010 _aENG-115743
020 _a9789381384893
_c108.00
035 _aEN-99275
037 _bDBAD/PUB
082 _a158.1
100 _aAlankrita
245 _aBuild self -confidence/
_cby Alankrita
260 _aNew Delhi
_bV & S Publishers
_c2013
270 _aF-2/16 Ansari Road,Daryaganj
_bNew Delhi
_e110002
300 _a113p.
_c23cm(pbk)
942 _2ddc
_cEN
_h158.1
_mALA
999 _c102241
_d102241